Täter
| Otros Autores: | |
|---|---|
| Tipo de documento: | Print Libro |
| Lenguaje: | Alemán |
| Publicado: |
Stuttgart New York
Thieme
2004
|
| En: |
Psychotherapie im Dialog (Jg. 5, Nr. 2)
Año: 2004 |
| Disponibilidad en Tübingen: | Disponible en Tübingen. IFK: M XII 235 |
| Verificar disponibilidad: | HBZ Gateway |
| Servicio de pedido Subito: | Pedir ahora. |
| Palabras clave: |
MARC
| LEADER | 00000cam a2200000 c 4500 | ||
|---|---|---|---|
| 001 | 161412180X | ||
| 003 | DE-627 | ||
| 005 | 20251225195411.0 | ||
| 007 | tu | ||
| 008 | 041018s2004 xx ||||| 00| ||ger c | ||
| 015 | |a 04,A36,0806 |2 dnb | ||
| 016 | 7 | |a 971843465 |2 DE-101 | |
| 035 | |a (DE-627)161412180X | ||
| 035 | |a (DE-576)113973659 | ||
| 035 | |a (DE-599)DNB971843465 | ||
| 035 | |a (OCoLC)76622869 | ||
| 040 | |a DE-627 |b ger |c DE-627 |e rakwb | ||
| 041 | |a ger | ||
| 082 | 0 | |a 150 | |
| 082 | 0 | |a 610 | |
| 082 | 0 | 4 | |a 150 |a 610 |
| 084 | |a 5,2 |2 ssgn | ||
| 245 | 0 | 0 | |a Täter |c [hrsg. von Steffen Fliegel ...] |
| 263 | |a geh. | ||
| 264 | 1 | |a Stuttgart |a New York |b Thieme |c 2004 | |
| 300 | |a S. 101 - 209 |b Ill. |c 28 cm | ||
| 336 | |a Text |b txt |2 rdacontent | ||
| 337 | |a ohne Hilfsmittel zu benutzen |b n |2 rdamedia | ||
| 338 | |a Band |b nc |2 rdacarrier | ||
| 490 | 1 | |a Psychotherapie im Dialog |v Jg. 5, Nr. 2 | |
| 500 | |a Literaturangaben | ||
| 583 | 1 | |a Archivierung prüfen |c 20200919 |f DE-640 |z 2 |2 pdager | |
| 583 | 1 | |a Archivierung/Langzeitarchivierung gewährleistet |f PEBW |h DE-24 |x XA-DE-BW |2 pdager |5 DE-21 | |
| 655 | 7 | |a Konferenzschrift |y 2004 |z Baden-Baden |0 (DE-588)1071861417 |0 (DE-627)826484824 |0 (DE-576)433375485 |2 gnd-content | |
| 689 | 0 | 0 | |d s |0 (DE-588)4058881-6 |0 (DE-627)106145592 |0 (DE-576)209128313 |a Täter |2 gnd |
| 689 | 0 | 1 | |d s |0 (DE-588)4047746-0 |0 (DE-627)106193694 |0 (DE-576)209074590 |a Psychotherapie |2 gnd |
| 689 | 0 | |5 DE-101 | |
| 700 | 1 | |a Fliegel, Steffen |d 1948- |e Hrsg. |0 (DE-588)109260651 |0 (DE-627)524405018 |0 (DE-576)160966183 |4 edt | |
| 830 | 0 | |a Psychotherapie im Dialog |v Jg. 5, Nr. 2 |9 Jg. 5, Nr. 2 |w (DE-627)320525538 |w (DE-576)090955110 |w (DE-600)2015119-6 |x 1438-7026 |7 am | |
| 951 | |a BO | ||
| ELC | |b 1 | ||
| LOK | |0 000 xxxxxcx a22 zn 4500 | ||
| LOK | |0 001 3181037168 | ||
| LOK | |0 003 DE-627 | ||
| LOK | |0 004 161412180X | ||
| LOK | |0 005 20100407233945 | ||
| LOK | |0 008 050805||||||||||||||||ger||||||| | ||
| LOK | |0 040 |a DE-21-110 |c DE-627 |d DE-21-110 | ||
| LOK | |0 541 |e 05/382 | ||
| LOK | |0 689 |a s |0 1311153446 |a Psychotherapie | ||
| LOK | |0 689 |a s |0 1311197095 |a Täter | ||
| LOK | |0 689 |a s |0 1311257179 |a Täterbehandlung | ||
| LOK | |0 689 |a s |0 1311257187 |a Tätertherapie | ||
| LOK | |0 689 |a s |0 1311140379 |a Sexualstraftäter | ||
| LOK | |0 689 |a s |0 1311257195 |a Anti-Aggressivitäts-Training | ||
| LOK | |0 689 |a s |0 1311257209 |a Wut-Reduktions-Training | ||
| LOK | |0 689 |a s |0 1311257217 |a Täterbegutachtung | ||
| LOK | |0 852 |a DE-21-110 | ||
| LOK | |0 852 1 |c M XII 235 |m p |9 00 | ||
| LOK | |0 936ln |a 8.6.7 | ||
| LOK | |0 938 |k p | ||
| LOK | |0 939 |a 05-08-05 |b l01 | ||
| ORI | |a SA-MARC-krimdoka001.raw | ||
| SIG | |a IFK: M XII 235 | ||
| TIM | |a 100020040101_100020041231 |b 2004 - 2004 | ||
